000 00457nam a2200205Ia 4500
008 240510s9999 xx 000 0 und d
020 _a0000818503521
041 _aEng
082 _a051
082 _bS53
100 _aSMITH, Kari J.
245 4 _aThe nature of modern mathematics
250 _a3rd ed.
260 _bMonterey, CA : Brooks/cole
260 _c1980
300 _a620 p.
650 _amathematics
942 _2ddc
942 _cLBK
999 _c26061
_d26061
945 _a1
_bMadushi Gamage
_c1
_dMadushi Gamage